000 00359nam a2200157Ia 4500
001 11715
003 GE_BSU
008 181216s||||||||xx |||||||||||||| ||und||
040 _cGE_BSU
245 4 _aThe Economist, september 6th-12th 2014.
245 _bvolume 412 number 8903
260 _c2014
300 _a86p.27cm.
653 _aThe Economist
942 _cCR
999 _c44897
_d44897